A-Z Historical Figures - Statistics

General Stats
  • This quiz has been taken 48 times
  • The average score is 22 of 26
Answer Stats
Letter Figure % Correct
E) Famous German physicist who theorizedE=Mc2 Albert Einstein
100%
N) Notorious French leader who met his defeat atWaterloo Napoleon
98%
V) Famous Dutch artist who notoriously cut off part ofhis ear Vincent Van Gogh
98%
L) The 16th president of the US, born in a ruralKentucky cabin Abraham Lincoln
96%
H) Leader of the Nazi party of WW2 Adolf Hitler
96%
I) Queen of Castile who sponsored Columbus'voyages to the New World Isabella
96%
K) US president who was assassinated in Dallasin 1963 John F Kennedy
96%
M) Renaissance painter of the Sistine Chapel Michelangelo
96%
S) Famous playwright, author of Hamlet and Romeo/Juliet William Shakespeare
96%
D) US president and WW2 general, aka Ike Dwight Eisenhower
93%
W) American Revolution general and first president of theUS George Washington
91%
G) Non violent Indian leader who campaignedfor Indias independence Mahatma Gandhi
91%
O) Along with his brother, he invented the first flying machine out of North Carolina Orville Wright
91%
B) Considered one of the most famousbaseball players in history. Traded to the Yankees in a blockbuster deal Babe Ruth
89%
Y) First democratically elected president of Russia Boris Yeltsin
89%
C) He was crowned leader of the Frankishkingdom and Holy Roman emperor Charlemagne
84%
R) Rough rider and 26th president of the US Theodore Roosevelt
84%
P) Famous Greek philosopher, well known for hisTheory of Forms Plato
82%
A) Secretary of the US Treasury,shot in a duel by Aaron Burr Alexander Hamilton
80%
U) Union general during the Civil War and later presidentof the US Ulysses Grant
78%
X) This Persian king failed to conquer Greece Xerxes
78%
Q) The first Emperor of Ancient China Qin Shi Huang
73%
Z) 12th US president who served only one year beforehis death in 1850 Zachary Taylor
73%
T) American abolitionist and pioneer of the UndergroundRailroad Harriet Tubman
64%
F) Spanish conquistador who overthrew theIncan empire Francisco Pizarro
56%
J) American patriot and longtime president ofthe Continental Congress John Hancock
33%
No matching quizzes found
Score Distribution
Percent of People with Each Score
Percentile by Number Answered
Your Score History
You have not taken this quiz